Culture Générale - Clic Quiz - La réponse est en image #21 - Statistiques

Statistiques générales
  • Ce quiz a été pris 503 fois
    193 depuis la dernière actualisation
  • Le résultat moyen est 25 sur 40
Statistiques - réponses
Hint Réponse % Correct
Jean-Marie Le Pen (en emoji par IA)
85%
Jean-Luc Mélenchon (en emoji par IA)
83%
Panoramix
83%
Interdiction de toucher
83%
Lierre
82%
Jean-Jacques Goldman (en emoji par IA)
80%
Mia Khalifa (Personnalité des médias ..)
80%
Jean-Baptiste Poquelin (en emoji par IA)
77%
Mia Wallace (Pulp Fiction)
77%
Ne pas mettre la main
74%
Interdit d'asperger avec de l'eau
74%
Cétautomatix
73%
Championnat de Chine de Football
73%
Championnat d'Algérie de Football
73%
Flammes nues interdites
73%
Interdiction d'éteindre avec de l'eau
72%
Tricératops
71%
Stégosaure
70%
Vélociraptor
68%
Championnat de Turquie de Football
67%
Jean-Michel Jarre (en emoji par IA)
64%
Assurancetourix
64%
Rhododendron
58%
Mia Frye (Chorégraphe)
58%
Championnat des Pays-Bas de Football
56%
Ptéranodon
56%
La Communauté valencienne
55%
Ordralfabétix
55%
Brachiosaure
53%
L'État libre et souverain de Yucatán
52%
Championnat du Japon de Football
50%
Abraracourcix
50%
L'État de Sao Paulo
48%
Anémone
47%
Mia Goth (dans Pearl)
44%
La Région autonome de Madère
42%
Mia Zapata (club des 27)
40%
La Province du Leinster
36%
Datura
30%
Cytise
27%
Aucun quiz correspondant
Distribution des résultats
% des personnes avec chaque résultat
Percentile par nombre de réponses
Votre historique - résultats
Vous n’avez pas pris ce quiz depuis la dernière actualisation